000 00614cam a22002171 4500
001 BD-DhSAU 6919
003 BD-DhSAU
005 20150514153845.0
008 750312s1958 nyua 000 0 eng
040 _aBD-DhSAU
082 _a510
_222
_bCAM
100 1 _aCamm, F. J.
_q(Frederick James),
_d1897-1959.
245 1 0 _aMathematical tables and formulae /
_cF. J. Camm
250 _a6th ed.
260 _aNew York :
_bPhilosophical Library ,
_cc1958.
300 _a129 p. :
_bill. ;
_c20 cm.
590 _aJerin
650 0 _aEngineering
_xTables.
650 0 _aMathematics
_xFormulae.
650 0 _aPlant Pathology
942 _2ddc
_cBOOK
999 _c6919
_d6919